000 01052nam a2200289 u 4500
001 000039957
003 DO-SdBNP
005 20251022101015.0
008 090703s1987 dr r 000 0 spa d
040 _aDO-SdBNP
_bspa
_cBNPHU
082 _a336.8
_bG633m
100 1 _aGómez Sabain, J.
_98377
245 1 0 _aManual de finanzas públicas y política tributaria :
_bJ. Gómez Sabaini y H. Gonzélez Cano.
260 _aSanto Domingo :
_bINCAT,
_c1987.
300 _a179 p. ;
_c21 cm.
490 1 _aManuales de finanzas públicas
_v15
500 _aMaterial de apoyo para los programas desarrollados por el instituto de capacitación tributaria
590 _aInventariado, 2018/LP
650 0 _aFinanzas públicas
_932168
650 4 _aPolítica fiscal
_98379
650 4 _aImpuestos
_98380
700 1 2 _aGonzález Cano, H.
_964642
710 2 _aInstituto de Capacitación Tributaria (República Dominicana)
_973226
830 0 _aManuales de finanzas públicas ;
_n15
_964644
910 _aValidado. Control de calidad MFF
942 _2ddc
_cLBS1
999 _c39447
_d39447